000 00523nam a22001932 4500
001 0000006177
005 20170406121308.0
008 160128s xx 000 0 eng d
020 _c$
040 _aYour Holding Symbol
_cYour Holding Symbol
100 1 _aSitwell Gerard.
245 1 0 _aSpritual writers of the middle ages.
250 _a ed.
260 _aNew york :
_bHawthorn books,
_c1961.
300 _a144 p. ;
_c cm.
504 _abibliography.
650 0 _amiddle ages.
908 _a160128
999 _c5931
_d5931